000 00426nam a2200169 i 4500
001 bg
100 1 _aDRUET, Czesław
245 0 _aHydrodynamika morskich budowli i akwenów portowych /
_cCzesław Druet.
260 _aGdańsk,
_c1978.
650 9 _aBudownictwo morskie
650 9 _aHydrodynamika
040 _cBPK
041 _apol
080 _a627.2/.3:532
942 _cKS
008 s pl f |000 0 pol
999 _c9971
_d9971
856 _uhttp://koha.tu.koszalin.pl/cgi-bin/koha/opac-detail.pl?biblionumber=9971
_yKatalog online BPK